Statistics for Countries with the Highest Elevation and Coastline

Click here to take the quiz!

General Stats

  • This quiz has been taken 28 times
  • The average score is 20 of 28

Answer Stats

Max. ElevationAnswer% Correct
6191 mUnited States
96%
5959 mCanada
92%
8586 mIndia
92%
6768 mPeru
92%
5642 mRussia
92%
6893 mChile
88%
8848 mChina
88%
6960 mArgentina
85%
6267 mEcuador
85%
4810 mItaly
85%
5636 mMexico
85%
8611 mPakistan
85%
5700 mColombia
81%
4884 mIndonesia
81%
4810 mFrance
77%
5610 mIran
77%
5199 mKenya
77%
5137 mTurkey
77%
5892 mTanzania
73%
4978 mVenezuela
69%
5881 mMyanmar
62%
5201 mGeorgia
50%
5109 mD.R. Congo
46%
4165 mMorocco
46%
4509 mPapua New Guinea
46%
4095 mMalaysia
42%
4040 mCameroon
23%
4220 mGuatemala
23%

Score Distribution

Percentile by Number Answered

Percent of People with Each Score

Your Score History

You have not taken this quiz